[Event "XII. DBMM Schach"]
[Site "Berlin"]
[Date "2012.10.11"]
[Round "1.3"]
[White "Wolf, Wilfried"]
[Black "Budai, Zoltan"]
[Result "0-1"]
[WhiteElo "1563"]
[BlackElo "2021"]
[Annotator "br"]
[PlyCount "46"]
[EventDate "2012.??.??"]
[Source "FV Schach e.V."]
[SourceDate "2012.10.14"]
[WhiteTeam "BA Berlin Tempelhof III"]
[BlackTeam "ADAC Muenchen"]
[WhiteTeamCountry "GER"]
[BlackTeamCountry "GER"]

1. e4 c5 2. Nf3 Nc6 3. d4 cxd4 4. Nxd4 Nf6 5. Nc3 e5 6. Nb3 Bb4 7. Bd3 d5 8.
exd5 Nxd5 9. Bd2 Bxc3 10. bxc3 O-O 11. O-O f5 12. Bc4 Kh8 13. Bxd5 Qxd5 14. Be3
Qc4 15. Qd3 Qh4 16. f3 f4 17. Bf2 Qh5 18. Rfd1 Bf5 19. Qe2 Rf6 20. g4 fxg3 21.
Bxg3 Raf8 22. Rd2 Bh3 23. Rad1 Rxf3 0-1

[Event "XII. DBMM Schach"]
[Site "Berlin"]
[Date "2012.10.11"]
[Round "1.4"]
[White "Baudrexel, Peter"]
[Black "Warnest, Stefan"]
[Result "1-0"]
[WhiteElo "1863"]
[BlackElo "1470"]
[Annotator "br"]
[PlyCount "89"]
[EventDate "2012.??.??"]
[Source "FV Schach e.V."]
[SourceDate "2012.10.14"]
[WhiteTeam "ADAC Muenchen"]
[BlackTeam "BA Berlin Tempelhof III"]
[WhiteTeamCountry "GER"]
[BlackTeamCountry "GER"]

1. f4 Nf6 2. Nf3 e6 3. g3 b6 4. Bg2 Bb7 5. O-O Bc5+ 6. d4 Be7 7. c4 c5 8. e3
O-O 9. Nc3 a6 10. b3 Ne4 11. Bb2 Nxc3 12. Bxc3 Be4 13. Ne5 Bxg2 14. Kxg2 Nc6
15. Nxc6 dxc6 16. Qf3 Rc8 17. Rad1 cxd4 18. Bxd4 Bf6 19. Bc5 Qc7 20. Bxf8 Kxf8
21. Rd3 b5 22. Qe4 g6 23. g4 e5 24. g5 Bg7 25. f5 Kg8 26. Rfd1 Bf8 27. Rd7 Qa5
28. fxg6 hxg6 29. Qf3 f5 30. gxf6 Qxa2+ 31. R1d2 Qb1 32. Qg4 Qf5 33. Qxf5 gxf5
34. Ra2 Ra8 35. Kf3 a5 36. cxb5 cxb5 37. Rb7 b4 38. e4 f4 39. Kg4 Ra6 40. Kf5
f3 41. Rf2 a4 42. bxa4 Rxa4 43. Rxf3 Ra2 44. Rg3+ Kh8 45. Rb8 1-0

[Event "XII. DBMM Schach"]
[Site "Berlin"]
[Date "2012.10.11"]
[Round "1.1"]
[White "Rovenski, Evgenij"]
[Black "Weidl, Robert"]
[Result "1-0"]
[WhiteElo "2165"]
[BlackElo "1754"]
[Annotator "br"]
[PlyCount "107"]
[EventDate "2012.??.??"]
[Source "FV Schach e.V."]
[SourceDate "2012.10.14"]
[WhiteTeam "SK Praesident Berlin II"]
[BlackTeam "ADAC Muenchen II"]
[WhiteTeamCountry "RUS"]
[BlackTeamCountry "GER"]

1. d4 Nf6 2. Nf3 d6 3. e3 g6 4. Bd3 Bg7 5. b3 O-O 6. Bb2 Nbd7 7. Nbd2 Re8 8. c4
e5 9. Qc2 exd4 10. Bxd4 Ne5 11. Bxe5 dxe5 12. Rd1 Qe7 13. e4 Nd7 14. O-O b6 15.
Rfe1 Bb7 16. Nb1 Nc5 17. Nc3 c6 18. Bf1 Ne6 19. Ne2 Rad8 20. Rxd8 Rxd8 21. Rd1
Nd4 22. Nexd4 exd4 23. Bd3 c5 24. Re1 Re8 25. Qd2 Qf8 26. Qf4 Bh6 27. Qg3 Re7
28. Nh4 Bc8 29. f4 f6 30. Nf3 Kh8 31. Rf1 Bb7 32. e5 Bxf3 33. exf6 Qxf6 34.
Rxf3 Re3 35. Rxe3 dxe3 36. Qxe3 Qxf4 37. Qxf4 Bxf4 38. g3 Be3+ 39. Kg2 Kg7 40.
Kf3 Bd4 41. Ke4 Kf6 42. Kd5 Bg1 43. h3 h5 44. Kc6 g5 45. Kb7 g4 46. hxg4 hxg4
47. Kxa7 Bh2 48. Kxb6 Bxg3 49. Kxc5 Ke5 50. Bf1 Bf2+ 51. Kc6 Be1 52. a4 g3 53.
Kb6 Kf4 54. a5 1-0

[Event "XII. DBMM Schach"]
[Site "Berlin"]
[Date "2012.10.11"]
[Round "1.2"]
[White "Obermeier, Karlheinz"]
[Black "Shapiro, Yosip"]
[Result "0-1"]
[WhiteElo "1575"]
[BlackElo "1997"]
[Annotator "br"]
[PlyCount "150"]
[EventDate "2012.??.??"]
[Source "FV Schach e.V."]
[SourceDate "2012.10.14"]
[WhiteTeam "ADAC Muenchen II"]
[BlackTeam "SK Praesident Berlin II"]
[WhiteTeamCountry "GER"]
[BlackTeamCountry "RUS"]

1. e4 c6 2. Nc3 d5 3. d4 dxe4 4. Nxe4 Nd7 5. Nf3 Ngf6 6. Nc3 g6 7. Bc4 Bg7 8.
Bg5 O-O 9. Qd2 Qa5 10. Bh6 Nb6 11. Bb3 Nbd5 12. Bxg7 Kxg7 13. Nxd5 Qxd2+ 14.
Nxd2 Nxd5 15. O-O Nf4 16. Rfe1 Be6 17. g3 Bxb3 18. Nxb3 Ne6 19. Rad1 Rfd8 20.
c4 Rd7 21. Rd2 Rad8 22. Red1 b6 23. f4 Nc7 24. Kf2 e6 25. Na1 f6 26. Nc2 h6 27.
Ke3 g5 28. Nb4 Rd6 29. c5 Nd5+ 30. Nxd5 Rxd5 31. b4 Kg6 32. cxb6 axb6 33. Rc1
R5d6 34. Rc4 e5 35. fxe5 fxe5 36. a4 b5 37. axb5 cxb5 38. Rc5 Rxd4 39. Rxd4
Rxd4 40. Rxb5 Kf5 41. h3 g4 42. h4 Rc4 43. Rb8 Rc3+ 44. Kf2 Ke4 45. Rf8 Rb3 46.
Rf6 Rxb4 47. Rxh6 Rb2+ 48. Kf1 Kf3 49. Rf6+ Kxg3 50. h5 Rb1+ 51. Ke2 Rh1 52. h6
Rh5 53. Kf1 e4 54. Re6 Kf3 55. Rf6+ Ke3 56. Kg2 Rh3 57. Rg6 Kd3 58. Rd6+ Ke2
59. Rg6 e3 60. Ra6 Kd3 61. Rd6+ Ke4 62. Re6+ Kf5 63. Ra6 e2 64. Kf2 Rh2+ 65.
Ke1 Kg5 66. h7 Rxh7 67. Kxe2 Rf7 68. Ra8 Kh4 69. Ra4 Kh3 70. Ra3+ Kg2 71. Ra8
Re7+ 72. Kd3 g3 73. Rf8 Kg1 74. Rf6 g2 75. Rf8 Rh7 0-1

[Event "XII. DBMM Schach"]
[Site "Berlin"]
[Date "2012.10.11"]
[Round "1.3"]
[White "Hohn, August"]
[Black "Lajh, Anton"]
[Result "1-0"]
[WhiteElo "1937"]
[BlackElo "1507"]
[Annotator "br"]
[PlyCount "107"]
[EventDate "2012.??.??"]
[Source "FV Schach e.V."]
[SourceDate "2012.10.14"]
[WhiteTeam "SK Praesident Berlin II"]
[BlackTeam "ADAC Muenchen II"]
[WhiteTeamCountry "RUS"]
[BlackTeamCountry "GER"]

1. c4 Nc6 2. Nc3 e5 3. g3 Nf6 4. Bg2 h6 5. Nf3 Bc5 6. Nxe5 Bxf2+ 7. Kxf2 Nxe5
8. a3 c6 9. c5 d5 10. Rf1 Qe7 11. h3 Ng6 12. d4 Qc7 13. Qd3 Rf8 14. Kg1 Nh5 15.
g4 Nhf4 16. Qg3 Ne6 17. Qxc7 Nxc7 18. e4 dxe4 19. Nxe4 f6 20. Nd6+ Kd8 21. Be4
Nh8 22. Bf5 Nb5 23. Nxc8 Rxc8 24. Bxc8 Kxc8 25. Be3 Rd8 26. Rad1 Re8 27. Rfe1
Rd8 28. Bf2 a6 29. Re7 g6 30. a4 Nc7 31. Rde1 Rd7 32. Bg3 Nd5 33. Re8+ Rd8 34.
Bd6 Nf7 35. Rxd8+ Kxd8 36. Bg3 g5 37. Kg2 Kd7 38. Kf3 Ne7 39. Ke4 Kd8 40. Bd6
Nd5 41. Kf5 Nxd6+ 42. cxd6 Kd7 43. Re6 b6 44. Rxf6 Nxf6 45. Kxf6 Kxd6 46. Kg6
b5 47. Kxh6 bxa4 48. Kxg5 Kd5 49. h4 Kxd4 50. h5 c5 51. h6 c4 52. h7 a3 53.
h8=Q+ Kd3 54. Qc3+ 1-0

[Event "XII. DBMM Schach"]
[Site "Berlin"]
[Date "2012.10.11"]
[Round "1.4"]
[White "Zunk, Olaf"]
[Black "Vogel, Tobias"]
[Result "0-1"]
[WhiteElo "1464"]
[BlackElo "1945"]
[Annotator "br"]
[PlyCount "54"]
[EventDate "2012.??.??"]
[Source "FV Schach e.V."]
[SourceDate "2012.10.14"]
[WhiteTeam "ADAC Muenchen II"]
[BlackTeam "SK Praesident Berlin II"]
[WhiteTeamCountry "GER"]
[BlackTeamCountry "RUS"]

1. e4 e5 2. Nf3 Nf6 3. Nc3 Bb4 4. d3 d5 5. Bd2 Nc6 6. a3 Be7 7. Be2 d4 8. Nb1
h6 9. O-O g5 10. c4 Be6 11. b4 Nxe4 12. b5 Nxd2 13. Qxd2 Nb8 14. Nxe5 Nd7 15.
Nxd7 Qxd7 16. Bh5 O-O-O 17. Bf3 g4 18. Bd1 h5 19. g3 h4 20. a4 Rh5 21. a5 Rdh8
22. Ba4 Qd6 23. b6 cxb6 24. axb6 a6 25. Rc1 hxg3 26. fxg3 Qxg3+ 27. Qg2 Qe3+
0-1

[Event "XII. DBMM Schach"]
[Site "Berlin"]
[Date "2012.10.11"]
[Round "1.1"]
[White "Wirth, Volker"]
[Black "Feikes, Joerg"]
[Result "0-1"]
[WhiteElo "1762"]
[BlackElo "1949"]
[Annotator "br"]
[PlyCount "40"]
[EventDate "2012.??.??"]
[Source "FV Schach e.V."]
[SourceDate "2012.10.14"]
[WhiteTeam "Sparkassenvers. Stuttgart II"]
[BlackTeam "BA Berlin Tempelhof"]
[WhiteTeamCountry "GER"]
[BlackTeamCountry "GER"]

1. d4 d5 2. c4 e6 3. Nc3 Nf6 4. Bg5 Nbd7 5. e3 c6 6. Bd3 Qa5 7. Bxf6 Nxf6 8. a3
dxc4 9. Bxc4 Bd6 10. Nf3 e5 11. b4 Qc7 12. dxe5 Bxe5 13. Nxe5 Qxe5 14. Rc1 O-O
15. O-O Ng4 16. g3 Qh5 17. h4 g5 18. Kg2 gxh4 19. gxh4 Qxh4 20. Bxf7+ Rxf7 0-1

[Event "XII. DBMM Schach"]
[Site "Berlin"]
[Date "2012.10.11"]
[Round "1.2"]
[White "Kettenburg, Stefan"]
[Black "Brethauer, Tim"]
[Result "1-0"]
[WhiteElo "2033"]
[BlackElo "1619"]
[Annotator "br"]
[PlyCount "63"]
[EventDate "2012.??.??"]
[Source "FV Schach e.V."]
[SourceDate "2012.10.14"]
[WhiteTeam "BA Berlin Tempelhof"]
[BlackTeam "Sparkassenvers. Stuttgart II"]
[WhiteTeamCountry "GER"]
[BlackTeamCountry "GER"]

1. d4 e6 2. c4 Nf6 3. Nf3 b6 4. e3 Bb7 5. Bd3 d5 6. b3 Bb4+ 7. Nbd2 O-O 8. O-O
Nbd7 9. Bb2 Ne4 10. Rc1 Rc8 11. a3 Be7 12. Qe2 Ndf6 13. cxd5 Nxd2 14. Nxd2 Qxd5
15. e4 Qh5 16. f3 c5 17. dxc5 Rxc5 18. b4 Rxc1 19. Rxc1 Rc8 20. Rxc8+ Bxc8 21.
Ba6 Bd7 22. Qd3 e5 23. Nc4 Qh4 24. g3 Qh3 25. Nxe5 Be6 26. Nc6 Kf8 27. Nxa7 Nh5
28. Be5 f6 29. Bd6 Kf7 30. Nc6 Bxd6 31. Qxd6 Bd7 32. Bf1 1-0

[Event "XII. DBMM Schach"]
[Site "Berlin"]
[Date "2012.10.11"]
[Round "1.4"]
[White "Baranowsky, Peter"]
[Black "Fenn Ries, Ruediger"]
[Result "1-0"]
[WhiteElo "1886"]
[BlackElo "1263"]
[Annotator "br"]
[PlyCount "107"]
[EventDate "2012.??.??"]
[Source "FV Schach e.V."]
[SourceDate "2012.10.14"]
[WhiteTeam "BA Berlin Tempelhof"]
[BlackTeam "Sparkassenvers. Stuttgart II"]
[WhiteTeamCountry "GER"]
[BlackTeamCountry "GER"]

1. e4 c5 2. Nf3 Nc6 3. d4 e6 4. Be3 g6 5. Nc3 Bg7 6. Qd2 Nge7 7. d5 exd5 8.
exd5 Ne5 9. Bxc5 Nxf3+ 10. gxf3 d6 11. Bb5+ Bd7 12. Bxd6 Bxc3 13. Qxc3 O-O 14.
Bxd7 Qxd7 15. Bxe7 Qxe7+ 16. Qe3 Qb4+ 17. c3 Qxb2 18. O-O Rfe8 19. Qd4 Re2 20.
Rfb1 Qc2 21. Rxb7 Rae8 22. Qf4 R2e7 23. Rab1 Rxb7 24. Rxb7 Qd1+ 25. Kg2 Qxd5
26. Rxa7 Rc8 27. Rc7 Rxc7 28. Qxc7 Qxa2 29. Qd8+ Kg7 30. Qd4+ Kg8 31. c4 Qa8
32. c5 Qc6 33. Kg3 Qc7+ 34. f4 Qc6 35. f3 f5 36. h4 h5 37. Kf2 Kf7 38. Qe5 Qb5
39. Qc7+ Ke8 40. Qd6 Qb2+ 41. Kg3 Qb4 42. Qxg6+ Kd8 43. Qb6+ Qxb6 44. cxb6 Kc8
45. Kf2 Kb7 46. Ke3 Kxb6 47. Kd4 Kc6 48. Ke5 Kd7 49. Kxf5 Ke7 50. Kg6 Ke6 51.
f5+ Ke7 52. f6+ Ke8 53. f7+ Ke7 54. Kg7 1-0

[Event "XII. DBMM Schach"]
[Site "Berlin"]
[Date "2012.10.11"]
[Round "1.1"]
[White "Hahlbohm, Matthias"]
[Black "Feldmann, Alfred"]
[Result "1-0"]
[WhiteElo "2002"]
[BlackElo "1435"]
[Annotator "br"]
[PlyCount "59"]
[EventDate "2012.??.??"]
[Source "FV Schach e.V."]
[SourceDate "2012.10.14"]
[WhiteTeam "SV Senat Berlin III"]
[BlackTeam "EADS Airbus Bremen"]
[WhiteTeamCountry "GER"]
[BlackTeamCountry "GER"]

1. e4 c5 2. Nf3 d6 3. d4 cxd4 4. Nxd4 Nf6 5. Nc3 a6 6. Bg5 Nbd7 7. f4 g6 8. Qf3
Bg7 9. O-O-O O-O 10. g4 e6 11. h4 h6 12. Bxf6 Nxf6 13. Nde2 Qc7 14. f5 Qc6 15.
g5 Nh7 16. f6 Bh8 17. Qg3 e5 18. Nd5 Re8 19. Bh3 Bxh3 20. Rxh3 Rac8 21. Nec3 h5
22. Qd3 Rcd8 23. Ne7+ Rxe7 24. fxe7 Re8 25. Nd5 f6 26. Rg3 fxg5 27. hxg5 Qc5
28. Qf3 Qc4 29. Rf1 Qxa2 30. Qf7# 1-0

[Event "XII. DBMM Schach"]
[Site "Berlin"]
[Date "2012.10.11"]
[Round "1.2"]
[White "Mikoteit, Siegfried"]
[Black "Witte, Manfred"]
[Result "0-1"]
[WhiteElo "1402"]
[BlackElo "1927"]
[Annotator "br"]
[PlyCount "74"]
[EventDate "2012.??.??"]
[Source "FV Schach e.V."]
[SourceDate "2012.10.14"]
[WhiteTeam "EADS Airbus Bremen"]
[BlackTeam "SV Senat Berlin III"]
[WhiteTeamCountry "GER"]
[BlackTeamCountry "GER"]

1. e4 c5 2. Nf3 Nc6 3. d4 cxd4 4. Nxd4 g6 5. c3 Nf6 6. Bd3 Bg7 7. Bg5 O-O 8.
Qd2 d5 9. Nxc6 bxc6 10. e5 Ng4 11. f4 f6 12. exf6 exf6 13. Bh4 Re8+ 14. Kd1 Qd6
15. Bg3 Bh6 16. Re1 Rxe1+ 17. Kxe1 Bd7 18. Kf1 Re8 19. Na3 Ne3+ 20. Kg1 Bxf4
21. Bxf4 Qxf4 22. Qf2 Qxf2+ 23. Kxf2 Ng4+ 24. Kg1 a5 25. Nc2 c5 26. a4 Rb8 27.
Rb1 Be6 28. Ne1 Ne5 29. Be2 d4 30. cxd4 cxd4 31. Bd3 Nxd3 32. Nxd3 Bc4 33. Rc1
Bxd3 34. Rc5 Rxb2 35. Rxa5 Be4 36. g3 d3 37. Ra6 d2 0-1

[Event "XII. DBMM Schach"]
[Site "Berlin"]
[Date "2012.10.11"]
[Round "1.3"]
[White "Kiesewetter, Peter"]
[Black "Hueners, Rolf"]
[Result "1/2-1/2"]
[WhiteElo "1849"]
[BlackElo "1410"]
[Annotator "br"]
[PlyCount "78"]
[EventDate "2012.??.??"]
[Source "FV Schach e.V."]
[SourceDate "2012.10.14"]
[WhiteTeam "SV Senat Berlin III"]
[BlackTeam "EADS Airbus Bremen"]
[WhiteTeamCountry "GER"]
[BlackTeamCountry "GER"]

1. Nf3 d5 2. d4 e6 3. Bf4 Nc6 4. e3 a6 5. c4 Nf6 6. Nc3 h6 7. h3 Bd6 8. Bxd6
Qxd6 9. Bd3 O-O 10. O-O b6 11. Rc1 Na5 12. cxd5 exd5 13. Ne5 Nd7 14. f4 c5 15.
Rf3 Nc6 16. Rg3 cxd4 17. exd4 Nxd4 18. Nxd7 Bxd7 19. Bh7+ Kh8 20. Qxd4 f6 21.
Be4 Qxf4 22. Ne2 Qxe4 23. Qd2 Rac8 24. Rcc3 Rxc3 25. Nxc3 Qc4 26. Nxd5 Qxa2 27.
Nxf6 Rxf6 28. Qxd7 Qg8 29. Rc3 Kh7 30. Qd3+ Kh8 31. Qxa6 Qf7 32. Rc8+ Kh7 33.
Qd3+ g6 34. Kh2 Rf1 35. Qg3 Qe6 36. Qc7+ Rf7 37. Qc3 Qd6+ 38. Kg1 Qd1+ 39. Kh2
Qd6+ 1/2-1/2

[Event "XII. DBMM Schach"]
[Site "Berlin"]
[Date "2012.10.11"]
[Round "1.4"]
[White "Waltz, Juergen"]
[Black "Getzuhn, Detlef"]
[Result "0-1"]
[WhiteElo "1400"]
[BlackElo "1778"]
[Annotator "br"]
[PlyCount "50"]
[EventDate "2012.??.??"]
[Source "FV Schach e.V."]
[SourceDate "2012.10.14"]
[WhiteTeam "EADS Airbus Bremen"]
[BlackTeam "SV Senat Berlin III"]
[WhiteTeamCountry "GER"]
[BlackTeamCountry "GER"]

1. b3 e5 2. Bb2 Nc6 3. e3 d5 4. h3 Nf6 5. Bb5 Bd6 6. Nf3 Qe7 7. O-O O-O 8. Re1
Bd7 9. d4 e4 10. Bxc6 Bxc6 11. Ne5 Nd7 12. Nxc6 bxc6 13. Nd2 c5 14. c4 c6 15.
Rb1 f5 16. f3 Rf7 17. f4 cxd4 18. cxd5 dxe3 19. dxc6 exd2 20. Qxd2 Nc5 21. Qd5
Rd8 22. Bd4 Nd3 23. Red1 Bc7 24. Qc4 Rxd4 25. Qxd4 Bb6 0-1

[Event "XII. DBMM Schach"]
[Site "Berlin"]
[Date "2012.10.11"]
[Round "1.1"]
[White "Gall, Mike"]
[Black "Marten, Gero"]
[Result "1/2-1/2"]
[WhiteElo "1478"]
[BlackElo "2032"]
[Annotator "br"]
[PlyCount "72"]
[EventDate "2012.??.??"]
[Source "FV Schach e.V."]
[SourceDate "2012.10.14"]
[WhiteTeam "TT/WiHeil Berlin"]
[BlackTeam "Sparkassenvers. Stuttgart"]
[WhiteTeamCountry "GER"]
[BlackTeamCountry "GER"]

1. d4 Nf6 2. Bf4 e6 3. Nd2 c5 4. e3 Nc6 5. c3 b6 6. Ngf3 Bb7 7. Be2 Be7 8. O-O
Nh5 9. Ne5 Nxf4 10. exf4 cxd4 11. Nxc6 dxc6 12. c4 Qc7 13. g3 O-O 14. Bd3 g6
15. Re1 c5 16. Be4 Bf6 17. Bxb7 Qxb7 18. Ne4 Bg7 19. Qd3 Rad8 20. Rad1 Rfe8 21.
Qb3 Qc6 22. a4 h6 23. Qb5 Rc8 24. Qxc6 Rxc6 25. b3 Rb8 26. Rd3 a6 27. Ra1 Kf8
28. Kf1 Ke7 29. f3 Rc7 30. Ke2 Kd7 31. Ra2 Kc6 32. Kd2 Rcb7 33. Kc2 b5 34.
axb5+ axb5 35. Ra6+ Rb6 36. Rxb6+ Rxb6 1/2-1/2

[Event "XII. DBMM Schach"]
[Site "Berlin"]
[Date "2012.10.11"]
[Round "1.2"]
[White "Bischoff, Ulrich"]
[Black "Lange, Andreas"]
[Result "1-0"]
[WhiteElo "2107"]
[BlackElo "1620"]
[Annotator "br"]
[PlyCount "49"]
[EventDate "2012.??.??"]
[Source "FV Schach e.V."]
[SourceDate "2012.10.14"]
[WhiteTeam "Sparkassenvers. Stuttgart"]
[BlackTeam "TT/WiHeil Berlin"]
[WhiteTeamCountry "GER"]
[BlackTeamCountry "GER"]

1. e4 e6 2. d4 d5 3. Nc3 Bb4 4. e5 c5 5. a3 cxd4 6. axb4 dxc3 7. Nf3 Qc7 8.
bxc3 Qxc3+ 9. Bd2 Qc7 10. Bd3 Ne7 11. O-O Nd7 12. Qe2 Ng6 13. Rfe1 O-O 14. Rac1
a6 15. c4 dxc4 16. Rxc4 Qb8 17. h4 b5 18. Rg4 f5 19. exf6 Nxf6 20. Bxg6 Nxg4
21. Bxh7+ Kh8 22. Ne5 Nxe5 23. Qh5 Nf7 24. Bg6+ Nh6 25. Bxh6 1-0

[Event "XII. DBMM Schach"]
[Site "Berlin"]
[Date "2012.10.11"]
[Round "1.3"]
[White "Kaczmarek, Andreas"]
[Black "Lau, Peter"]
[Result "1/2-1/2"]
[WhiteElo "1544"]
[BlackElo "1785"]
[Annotator "br"]
[PlyCount "27"]
[EventDate "2012.??.??"]
[Source "FV Schach e.V."]
[SourceDate "2012.10.14"]
[WhiteTeam "TT/WiHeil Berlin"]
[BlackTeam "Sparkassenvers. Stuttgart"]
[WhiteTeamCountry "GER"]
[BlackTeamCountry "GER"]

1. d4 f5 2. Bf4 Nf6 3. e3 e6 4. c3 Be7 5. Nd2 d5 6. Ngf3 Nbd7 7. h3 Ne4 8. Nxe4
fxe4 9. Ne5 Nxe5 10. Bxe5 Bf6 11. Bh2 O-O 12. Be2 Qe7 13. O-O c6 14. c4 1/2-1/2

[Event "XII. DBMM Schach"]
[Site "Berlin"]
[Date "2012.10.11"]
[Round "1.4"]
[White "Pachl, Manfred"]
[Black "Schulz, Manfred"]
[Result "1/2-1/2"]
[WhiteElo "1766"]
[BlackElo "1526"]
[Annotator "br"]
[PlyCount "48"]
[EventDate "2012.??.??"]
[Source "FV Schach e.V."]
[SourceDate "2012.10.14"]
[WhiteTeam "Sparkassenvers. Stuttgart"]
[BlackTeam "TT/WiHeil Berlin"]
[WhiteTeamCountry "GER"]
[BlackTeamCountry "GER"]

1. e4 c5 2. Nf3 e6 3. d4 cxd4 4. Nxd4 Nf6 5. Bd3 Nc6 6. Nf3 d5 7. exd5 Nxd5 8.
O-O Be7 9. a3 Bf6 10. Be4 Nde7 11. Qxd8+ Nxd8 12. c3 O-O 13. Be3 Ndc6 14. Nbd2
Rd8 15. Rfd1 Nd5 16. Bxd5 Rxd5 17. Nc4 Ne7 18. Bg5 Bxg5 19. Nxg5 h6 20. Ne4 Bd7
21. Ne3 Rxd1+ 22. Rxd1 Bc6 23. Nc5 Nd5 24. Nxd5 Bxd5 1/2-1/2

[Event "XII. DBMM Schach"]
[Site "Berlin"]
[Date "2012.10.11"]
[Round "1.2"]
[White "Cagnoli, Michele"]
[Black "Sarre, Sascha"]
[Result "0-1"]
[WhiteElo "1556"]
[BlackElo "1839"]
[Annotator "br"]
[PlyCount "74"]
[EventDate "2012.??.??"]
[Source "FV Schach e.V."]
[SourceDate "2012.10.14"]
[WhiteTeam "Europ. Patentamt MUC III"]
[BlackTeam "BA Berlin Tempelhof II"]
[WhiteTeamCountry "GER"]
[BlackTeamCountry "GER"]

1. Nf3 c5 2. c4 Nc6 3. Nc3 g6 4. e3 Nf6 5. g3 Bg7 6. Bg2 O-O 7. O-O e6 8. a3 d5
9. d3 b6 10. b3 Bb7 11. Qc2 Qe7 12. Bb2 Rfd8 13. Rfe1 Ng4 14. Rad1 d4 15. exd4
Nxd4 16. Nxd4 Bxd4 17. Re2 Bxg2 18. Kxg2 Qb7+ 19. Kg1 Qf3 20. h3 Qxg3+ 21. Kf1
Qxh3+ 22. Ke1 Nh2 23. Kd2 Qh6+ 24. Re3 Ng4 25. Rde1 Nxf2 26. Bc1 Bxe3+ 27. Rxe3
Nxd3 28. Ke2 Qh2+ 29. Kd1 Nb4+ 30. Qd2 Rxd2+ 31. Bxd2 Qg1+ 32. Re1 Qg4+ 33. Re2
Nc6 34. Ne4 Kg7 35. Bc3+ Nd4 36. Bxd4+ cxd4 37. Kd2 Rd8 0-1

[Event "XII. DBMM Schach"]
[Site "Berlin"]
[Date "2012.10.11"]
[Round "1.3"]
[White "Kreuchauf, Olaf"]
[Black "Milak, Adela"]
[Result "1-0"]
[WhiteElo "1630"]
[BlackElo "1463"]
[Annotator "br"]
[PlyCount "129"]
[EventDate "2012.??.??"]
[Source "FV Schach e.V."]
[SourceDate "2012.10.14"]
[WhiteTeam "BA Berlin Tempelhof II"]
[BlackTeam "Europ. Patentamt MUC III"]
[WhiteTeamCountry "GER"]
[BlackTeamCountry "GER"]

1. d4 d5 2. c4 e6 3. Nf3 Nf6 4. g3 Nc6 5. Bg2 Be7 6. O-O O-O 7. b3 a6 8. Nbd2
b5 9. Bb2 Bd7 10. Rc1 Kh8 11. Qc2 Nb4 12. Qb1 Rc8 13. a3 Nc6 14. e4 bxc4 15.
bxc4 Rb8 16. c5 Nh5 17. exd5 exd5 18. Qc2 Qc8 19. Rfe1 Bf5 20. Qc3 Bf6 21. Ba1
Qd7 22. Ne5 Nxe5 23. dxe5 Bg5 24. f4 Bh6 25. Qf3 Bg4 26. Qf2 f6 27. c6 Qc8 28.
Nf3 g5 29. exf6 gxf4 30. f7+ Bg7 31. Ne5 Nf6 32. gxf4 Bh5 33. Nd7 Nxd7 34. cxd7
Qxd7 35. Bxg7+ Kxg7 36. Qd4+ Kg6 37. Be4+ Kh6 38. Qf6+ Bg6 39. Qg5+ Kg7 40.
Qe5+ Kh6 41. Bxd5 Qg4+ 42. Kh1 Bxf7 43. Rc6+ Bg6 44. Rxc7 Bf7 45. Qg5+ Qxg5 46.
fxg5+ Kg6 47. Bxf7+ Rxf7 48. Rc5 Rb6 49. Rec1 Ra7 50. R1c3 Re6 51. Kg2 Re4 52.
Kf3 Rh4 53. Kg3 Rd4 54. Rb3 Rdd7 55. Rb6+ Kg7 56. Rb3 Rd6 57. h4 Kg6 58. a4 Rd4
59. a5 Ra4 60. Rb6+ Kg7 61. h5 Rd4 62. Rf5 Rd3+ 63. Kf4 Rh3 64. h6+ Rxh6 65.
gxh6+ 1-0

[Event "XII. DBMM Schach"]
[Site "Berlin"]
[Date "2012.10.11"]
[Round "1.1"]
[White "Gueldenpfennig, Gavin"]
[Black "Fischer, Alexander"]
[Result "0-1"]
[WhiteElo "1306"]
[BlackElo "1958"]
[Annotator "br"]
[PlyCount "54"]
[EventDate "2012.??.??"]
[Source "FV Schach e.V."]
[SourceDate "2012.10.14"]
[WhiteTeam "SV Senat Berlin IV"]
[BlackTeam "Commerzbank Frankfurt AGI "]
[WhiteTeamCountry "GER"]
[BlackTeamCountry "GER"]

1. e4 c6 2. d4 d5 3. e5 Bf5 4. Nf3 e6 5. Nbd2 c5 6. dxc5 Bxc5 7. Nb3 Bb6 8. Bd3
Ne7 9. O-O O-O 10. Bg5 Bxd3 11. cxd3 h6 12. Bh4 Qd7 13. d4 Nf5 14. Rc1 Nxh4 15.
Nxh4 Qe7 16. Qg4 Nc6 17. Rcd1 Qg5 18. Qxg5 hxg5 19. Nf3 g4 20. Ng5 Rae8 21. f3
f6 22. exf6 gxf6 23. Nxe6 Rxe6 24. fxg4 Re4 25. Nc5 Rxd4 26. Rc1 Rc4 27. Rxc4
dxc4 0-1

[Event "XII. DBMM Schach"]
[Site "Berlin"]
[Date "2012.10.11"]
[Round "1.2"]
[White "Lutterbey, Ralf"]
[Black "Weihrich, Joerg"]
[Result "0-1"]
[WhiteElo "1862"]
[BlackElo "1552"]
[Annotator "br"]
[PlyCount "98"]
[EventDate "2012.??.??"]
[Source "FV Schach e.V."]
[SourceDate "2012.10.14"]
[WhiteTeam "Commerzbank Frankfurt AGI "]
[BlackTeam "SV Senat Berlin IV"]
[WhiteTeamCountry "GER"]
[BlackTeamCountry "GER"]

1. e4 c5 2. Nf3 d6 3. d4 cxd4 4. Nxd4 g6 5. Be3 Bg7 6. Nc3 Bd7 7. Qd2 Nc6 8. h4
h5 9. f3 a6 10. O-O-O Rc8 11. Kb1 Nf6 12. Be2 O-O 13. Rdg1 Ne5 14. Nb3 Nc4 15.
Bxc4 Rxc4 16. Nd5 Nxd5 17. Qxd5 Qc8 18. c3 Be6 19. Qd2 f5 20. Nd4 Bd7 21. exf5
Bxf5+ 22. Nxf5 Qxf5+ 23. Qc2 Qb5 24. Qxg6 Rxc3 25. Bd4 Qd3+ 26. Qxd3 Rxd3 27.
Bxg7 Kxg7 28. Rc1 Rf7 29. Rc7 e6 30. Rhc1 Rd2 31. g4 Rf2 32. Rxf7+ Kxf7 33.
gxh5 Rxf3 34. Rc7+ Kf6 35. Rxb7 Rf4 36. Rb6 d5 37. Rxa6 Rxh4 38. a4 d4 39. Kc2
Kf5 40. h6 Rxh6 41. Kd3 Rh3+ 42. Kxd4 e5+ 43. Kc4 e4 44. Ra8 e3 45. Rf8+ Ke5
46. Kc5 Ke4 47. b4 Kd3 48. Kc6 e2 49. b5 e1=Q {Rest unleserlich.} 0-1

[Event "XII. DBMM Schach"]
[Site "Berlin"]
[Date "2012.10.11"]
[Round "1.3"]
[White "Rehberg, Thomas"]
[Black "Brauer, Frank"]
[Result "0-1"]
[WhiteElo "919"]
[BlackElo "1881"]
[Annotator "br"]
[PlyCount "60"]
[EventDate "2012.??.??"]
[Source "FV Schach e.V."]
[SourceDate "2012.10.14"]
[WhiteTeam "SV Senat Berlin IV"]
[BlackTeam "Commerzbank Frankfurt AGI "]
[WhiteTeamCountry "GER"]
[BlackTeamCountry "GER"]

1. e4 e5 2. Nf3 Nc6 3. Bc4 Bc5 4. c3 Nf6 5. d3 O-O 6. Bg5 h6 7. Bh4 Be7 8. h3
d6 9. Nbd2 a6 10. Nf1 Na5 11. Ne3 Nxc4 12. Nxc4 Be6 13. Ne3 c6 14. Nf5 Bxf5 15.
exf5 Qc7 16. Nd2 Nd5 17. Bxe7 Qxe7 18. Ne4 Nf6 19. Qe2 d5 20. Nxf6+ Qxf6 21. g4
d4 22. cxd4 exd4 23. O-O-O Qg5+ 24. Kb1 Rfe8 25. Qf1 Qf4 26. Qg2 Re2 27. Rhe1
Rae8 28. Rxe2 Rxe2 29. Qf1 Qf3 30. Re1 Qxd3+ 0-1